000 00486nam a2200181Ia 4500
008 090124s9999 xx 000 0 und d
082 _b103033
100 _aजोशी रा. भि.
245 _a काचेचे कवच
250 _a0
260 _c1949
300 _a124
600 _aजोशी रा. भि.
630 _a काचेचे कवच
700 _aजोशी रा. भि.
730 _a काचेचे कवच
942 _cBOOK
999 _c149125
_d149125